[Event "IBCA-ol blind 15th"]
[Site "Ohrid"]
[Date "2017.06.28"]
[Round "9.2"]
[White "Began, Branko"]
[Black "Pirosca, Alexandru"]
[Result "1/2-1/2"]
[WhiteElo "1852"]
[BlackElo "1986"]
[PlyCount "38"]
[EventDate "2017.06.19"]
[EventType "team-swiss"]
[EventRounds "9"]
[EventCountry "MKD"]
[SourceTitle "CBM 179 Extra"]
[Source "ChessBase"]
[SourceDate "2017.08.23"]
[SourceVersion "1"]
[SourceVersionDate "2017.08.23"]
[SourceQuality "1"]
[WhiteTeam "Croatia"]
[BlackTeam "Romania"]
[WhiteTeamCountry "CRO"]
[BlackTeamCountry "ROU"]

1. d4 Nf6 2. Nf3 g6 3. e3 Bg7 4. b4 d5 5. Be2 0-0 6. 0-0 b6 7. Bb2 Bb7 8. c4 Ne4 9. Nc3 Nxc3 10. Bxc3 Nd7 11. Ne5 Nxe5 12. dxe5 dxc4 13. Bxc4 e6 14. Qe2 Qe7 15. a3 Rfd8 16. f4 Bd5 17. Bxd5 Rxd5 18. Rad1 Rad8 19. Rxd5 Rxd5 1/2-1/2

[Event "IBCA-ol blind 15th"]
[Site "Ohrid"]
[Date "2017.06.27"]
[Round "8.2"]
[White "Pirosca, Alexandru"]
[Black "Andjic, Borislav"]
[Result "1-0"]
[WhiteElo "1986"]
[BlackElo "2122"]
[PlyCount "79"]
[EventDate "2017.06.19"]
[EventType "team-swiss"]
[EventRounds "9"]
[EventCountry "MKD"]
[SourceTitle "CBM 179 Extra"]
[Source "ChessBase"]
[SourceDate "2017.08.23"]
[SourceVersion "1"]
[SourceVersionDate "2017.08.23"]
[SourceQuality "1"]
[WhiteTeam "Romania"]
[BlackTeam "Montenegro"]
[WhiteTeamCountry "ROU"]
[BlackTeamCountry "MNE"]

1. e4 e5 2. Nf3 d6 3. d4 exd4 4. Qxd4 Nc6 5. Bb5 Bd7 6. Bxc6 Bxc6 7. Nc3 Qf6 8. Qd3 h6 9. Be3 Qg6 10. Nd4 Bd7 11. Ndb5 Rc8 12. Nxa7 Ra8 13. Nd5 Rd8 14. Nxc7+ Ke7 15. Nd5+ Ke8 16. Nb5 Be7 17. 0-0-0 Kf8 18. Nxe7 Nxe7 19. Qxd6 Qxd6 20. Rxd6 Nc8 21. Rd2 b6 22. Rhd1 Ke7 23. Nc3 Bc6 24. Rxd8 Rxd8 25. Rxd8 Kxd8 26. Nd5 b5 27. Bc5 h5 28. Kd2 Kd7 29. Ke3 Nd6 30. Bxd6 Kxd6 31. Kd4 Ke6 32. Nf4+ Ke7 33. Nxh5 g6 34. Nf4 g5 35. Nd5+ Ke6 36. f3 f6 37. c3 Bd7 38. b3 f5 39. exf5+ Kxf5 40. g3 1-0

[Event "Corund Ceramica op 2nd"]
[Site "Corund"]
[Date "2016.09.17"]
[Round "4"]
[White "Pirosca, Alexandru"]
[Black "Lyell, Mark"]
[Result "0-1"]
[WhiteElo "1977"]
[BlackElo "2193"]
[PlyCount "60"]
[EventDate "2016.09.14"]
[EventType "swiss"]
[EventRounds "7"]
[EventCountry "ROU"]
[SourceTitle "CBM 174 Extra"]
[Source "ChessBase"]
[SourceDate "2016.10.10"]
[SourceVersion "1"]
[SourceVersionDate "2016.10.10"]
[SourceQuality "1"]

1. e4 e6 2. d4 d5 3. Nc3 Nf6 4. e5 Nfd7 5. f4 c5 6. Nf3 Nc6 7. Be3 cxd4 8. Nxd4 Bc5 9. Qd2 0-0 10. 0-0-0 a6 11. Kb1 Nxd4 12. Bxd4 b5 13. Bxc5 Nxc5 14. Bd3 b4 15. Ne2 a5 16. Nd4 Ba6 17. g4 Qb6 18. Nf3 a4 19. Bxa6 Rxa6 20. f5 Ne4 21. Qf4 Nc3+ 22. Ka1 Nxd1 23. Rxd1 a3 24. f6 axb2+ 25. Kxb2 Qc5 26. Ra1 b3 27. cxb3 Qf2+ 28. Qd2 Qxf3 29. Qg5 Qe2+ 30. Kb1 Qd3+ 0-1

[Event "IBCA Wch blind"]
[Site "Seoul"]
[Date "2015.05.17"]
[Round "7"]
[White "Bibikov, Yuriy"]
[Black "Pirosca, Alexandru"]
[Result "1-0"]
[WhiteElo "2080"]
[BlackElo "2001"]
[PlyCount "80"]
[EventDate "2015.05.11"]
[EventType "swiss"]
[EventRounds "7"]
[EventCountry "KOR"]
[SourceTitle "CBM 166 Extra"]
[Source "ChessBase"]
[SourceDate "2015.06.18"]
[SourceVersion "1"]
[SourceVersionDate "2015.06.18"]
[SourceQuality "1"]

1. c4 Nf6 2. Nf3 g6 3. Nc3 d5 4. cxd5 Nxd5 5. g3 Bg7 6. Bg2 Nb6 7. 0-0 0-0 8. d3 Nc6 9. Be3 Re8 10. Qc1 Bf5 11. h4 Qc8 12. Kh2 e5 13. Bh6 Bh8 14. Ng5 Nd4 15. e4 Bd7 16. f4 f5 17. Nf3 Nxf3+ 18. Rxf3 exf4 19. Qxf4 Be5 20. Qe3 c5 21. Raf1 Qc7 22. Qg5 Qd8 23. exf5 Qxg5 24. Bxg5 Bxf5 25. Rc1 Rac8 26. Re3 Bd4 27. Rxe8+ Rxe8 28. Ne4 Bxb2 29. Rxc5 Rc8 30. Ra5 Rc2 31. Rxa7 Bg4 32. Rxb7 Bf3 33. Rb8+ Kg7 34. Nd2 Bxg2 35. Kxg2 Nd5 36. Rb7+ Kg8 37. Kf3 Bc1 38. Ne4 Bxg5 39. hxg5 Rxa2 40. Rd7 Ra5 1-0

[Event "IBCA Wch blind"]
[Site "Seoul"]
[Date "2015.05.14"]
[Round "4"]
[White "Komissarov, Alexey"]
[Black "Pirosca, Alexandru"]
[Result "1/2-1/2"]
[WhiteElo "2210"]
[BlackElo "2001"]
[PlyCount "50"]
[EventDate "2015.05.11"]
[EventType "swiss"]
[EventRounds "7"]
[EventCountry "KOR"]
[SourceTitle "CBM 166 Extra"]
[Source "ChessBase"]
[SourceDate "2015.06.18"]
[SourceVersion "1"]
[SourceVersionDate "2015.06.18"]
[SourceQuality "1"]

1. e4 c5 2. Nf3 Nc6 3. d4 cxd4 4. Nxd4 Nf6 5. Nc3 e5 6. Ndb5 d6 7. Bg5 a6 8. Na3 b5 9. Nd5 Qa5+ 10. Bd2 Qd8 11. Bg5 Qa5+ 12. Bd2 Qd8 13. Bd3 Nxd5 14. exd5 Ne7 15. c4 Ng6 16. cxb5 Be7 17. bxa6 0-0 18. 0-0 f5 19. Qa4 Bg5 20. Qa5 Bxd2 21. Qxd2 Nf4 22. Rfd1 Rf6 23. Bf1 Rg6 24. Nc2 Bxa6 25. Ne3 Bxf1 1/2-1/2

[Event "IBCA Wch blind"]
[Site "Seoul"]
[Date "2015.05.12"]
[Round "2"]
[White "Pirosca, Alexandru"]
[Black "Kasimov, Rustam"]
[Result "1/2-1/2"]
[WhiteElo "2001"]
[BlackElo "2192"]
[PlyCount "94"]
[EventDate "2015.05.11"]
[EventType "swiss"]
[EventRounds "7"]
[EventCountry "KOR"]
[SourceTitle "CBM 166 Extra"]
[Source "ChessBase"]
[SourceDate "2015.06.18"]
[SourceVersion "1"]
[SourceVersionDate "2015.06.18"]
[SourceQuality "1"]

1. e4 d5 2. exd5 Nf6 3. Bb5+ Bd7 4. Bc4 Bg4 5. f3 Bf5 6. Nc3 Nbd7 7. d4 Nb6 8. Bb3 Nbxd5 9. Nge2 e6 10. 0-0 Be7 11. Kh1 h6 12. Nxd5 exd5 13. Re1 0-0 14. Ng3 Bh7 15. Bf4 c6 16. c3 Ne8 17. Bc2 Bxc2 18. Qxc2 Bd6 19. Bxd6 Nxd6 20. Nf5 Nxf5 21. Qxf5 Qb6 22. Qc2 Rfe8 23. h3 Qc7 24. Qf2 Kf8 25. Rxe8+ Rxe8 26. Re1 Qf4 27. Kg1 g6 28. a3 h5 29. Rxe8+ Kxe8 30. Qe1+ Kd7 31. Kf2 Qh4+ 32. Kf1 Qxe1+ 33. Kxe1 h4 34. f4 Ke6 35. Ke2 Kf5 36. Kf3 a5 37. a4 b5 38. b3 bxa4 39. bxa4 f6 40. Ke3 g5 41. fxg5 fxg5 42. Kf3 g4+ 43. Ke3 Kg5 44. Ke2 Kf4 45. Kf2 Kg5 46. Ke2 Kf5 47. Ke3 Kg5 1/2-1/2

[Event "IBCA Wch blind 13th"]
[Site "Katerini"]
[Date "2014.05.13"]
[Round "8"]
[White "Pirosca, Alexandru"]
[Black "Soundarya, Kumar Pradhan"]
[Result "1-0"]
[WhiteElo "2011"]
[BlackElo "1769"]
[PlyCount "45"]
[EventDate "2014.05.05"]
[EventType "swiss"]
[EventRounds "9"]
[EventCountry "GRE"]
[SourceTitle "CBM 160 Extra"]
[Source "ChessBase"]
[SourceDate "2014.07.01"]
[SourceVersion "1"]
[SourceVersionDate "2014.07.01"]
[SourceQuality "1"]

1. e4 e6 2. d4 d5 3. Nc3 Bb4 4. Bd3 dxe4 5. Bxe4 Nf6 6. Bf3 c5 7. Nge2 Nc6 8. a3 Bxc3+ 9. bxc3 e5 10. Bxc6+ bxc6 11. 0-0 exd4 12. cxd4 0-0 13. Be3 Ba6 14. c3 Nd5 15. Re1 Bxe2 16. Qxe2 Nxc3 17. Qc4 cxd4 18. Bxd4 Nb5 19. Be3 Qd5 20. Qg4 f5 21. Qf4 Nc3 22. Rac1 Qd3 23. Kh1 1-0

[Event "IBCA Wch blind 13th"]
[Site "Katerini"]
[Date "2014.05.11"]
[Round "6"]
[White "Pirosca, Alexandru"]
[Black "Gelman, Gennadiy"]
[Result "0-1"]
[WhiteElo "2011"]
[BlackElo "1896"]
[PlyCount "46"]
[EventDate "2014.05.05"]
[EventType "swiss"]
[EventRounds "9"]
[EventCountry "GRE"]
[SourceTitle "CBM 160 Extra"]
[Source "ChessBase"]
[SourceDate "2014.07.01"]
[SourceVersion "1"]
[SourceVersionDate "2014.07.01"]
[SourceQuality "1"]

1. e4 c5 2. Nf3 e6 3. d4 cxd4 4. Nxd4 Nf6 5. Bd3 Nc6 6. Nxc6 bxc6 7. 0-0 d5 8. Qe2 Be7 9. Nd2 Qc7 10. c4 Bb7 11. e5 Nd7 12. f4 0-0-0 13. Nb3 c5 14. Bd2 Nb6 15. Na5 dxc4 16. Bxc4 Nxc4 17. Nxc4 Qc6 18. Be3 Qe4 19. b3 Rd3 20. Qf2 Kb8 21. Rad1 Rhd8 22. Rxd3 Rxd3 23. Re1 Bh4 0-1

[Event "IBCA Wch blind 13th"]
[Site "Katerini"]
[Date "2014.05.09"]
[Round "5"]
[White "Pirosca, Alexandru"]
[Black "Dimic, Pavle"]
[Result "0-1"]
[WhiteElo "2011"]
[BlackElo "2277"]
[PlyCount "60"]
[EventDate "2014.05.05"]
[EventType "swiss"]
[EventRounds "9"]
[EventCountry "GRE"]
[SourceTitle "CBM 160 Extra"]
[Source "ChessBase"]
[SourceDate "2014.07.01"]
[SourceVersion "1"]
[SourceVersionDate "2014.07.01"]
[SourceQuality "1"]

1. e4 c5 2. Nf3 d6 3. d4 cxd4 4. Nxd4 Nf6 5. Nc3 Nc6 6. Be3 e5 7. Nf3 h6 8. Bc4 Be7 9. 0-0 0-0 10. Bb3 Na5 11. Qe2 Nxb3 12. axb3 a6 13. Rfd1 Bd7 14. Nd2 b5 15. f3 Qc7 16. Nf1 Rfc8 17. Rd2 Qb7 18. Qd1 Be6 19. Ng3 b4 20. Nd5 Nxd5 21. exd5 Bd7 22. f4 exf4 23. Bxf4 Qb6+ 24. Kh1 Bf6 25. Rb1 Re8 26. Nh5 Be5 27. Bxe5 Rxe5 28. Ng3 Rae8 29. h3 Qe3 30. Rd3 Qf2 0-1

[Event "IBCA Wch blind Gr1"]
[Site "Zaragoza"]
[Date "2013.06.13"]
[Round "2"]
[White "Riegler, Dieter"]
[Black "Pirosca, Alexandru"]
[Result "1/2-1/2"]
[WhiteElo "2121"]
[BlackElo "2013"]
[PlyCount "48"]
[EventDate "2013.06.12"]
[EventType "swiss"]
[EventRounds "7"]
[EventCountry "ESP"]
[SourceTitle "EXT 2014"]
[Source "ChessBase"]
[SourceDate "2013.11.20"]
[SourceVersion "1"]
[SourceVersionDate "2013.11.20"]
[SourceQuality "1"]

1. d4 Nf6 2. c4 g6 3. Nc3 d5 4. Nf3 Bg7 5. Bg5 Ne4 6. Bh4 Nxc3 7. bxc3 c5 8. cxd5 Qxd5 9. e3 cxd4 10. cxd4 Nc6 11. Be2 0-0 12. 0-0 e5 13. dxe5 Qxd1 14. Rfxd1 Nxe5 15. Nd4 Bd7 16. Rab1 b6 17. f4 Ng4 18. Bf2 Nxf2 19. Kxf2 Rfd8 20. Rbc1 Rac8 21. Ba6 Rxc1 22. Rxc1 Bxd4 23. exd4 Be6 24. Ke3 Bxa2 1/2-1/2

[Event "IBCA-ol blind 14th"]
[Site "Chennai"]
[Date "2012.08.12"]
[Round "3.2"]
[White "Bibikov, Yuriy"]
[Black "Pirosca, Alexandru"]
[Result "1/2-1/2"]
[WhiteElo "2038"]
[BlackElo "2015"]
[PlyCount "109"]
[EventDate "2012.08.10"]
[EventType "team-swiss"]
[EventRounds "9"]
[EventCountry "IND"]
[SourceTitle "CBM 149 Extra"]
[Source "ChessBase"]
[SourceDate "2012.08.24"]
[SourceVersion "1"]
[SourceVersionDate "2012.08.24"]
[SourceQuality "1"]
[WhiteTeam "Kazakhstan"]
[BlackTeam "Romania"]
[WhiteTeamCountry "KAZ"]
[BlackTeamCountry "ROU"]

1. d4 Nf6 2. Nf3 g6 3. c4 Bg7 4. Nc3 d5 5. cxd5 Nxd5 6. g3 0-0 7. Bg2 Nb6 8. 0-0 Nc6 9. e3 Re8 10. b3 e5 11. dxe5 Nxe5 12. Nxe5 Bxe5 13. Qc2 Bf5 14. e4 Bg4 15. h3 Be6 16. Be3 Qf6 17. Rac1 c6 18. Ne2 Qe7 19. f4 Bh8 20. Bc5 Qc7 21. g4 f6 22. Rcd1 Rad8 23. Rxd8 Rxd8 24. Rd1 Rxd1+ 25. Qxd1 Nc8 26. f5 Bf7 27. Qd2 b6 28. Be3 Qd6 29. Qc2 g5 30. Bf2 Ne7 31. Bg3 Qd7 32. Kh2 Bg7 33. Qc3 h6 34. Qd4 Qxd4 35. Nxd4 Kf8 36. Bb8 a6 37. Kg3 c5 38. Nc2 Ke8 39. Kf3 Kd7 40. Ke3 Nc6 41. Bg3 Bf8 42. Bf1 b5 43. Kd2 Bd6 44. Bf2 Ne5 45. Ne1 Kc6 46. Kc2 Bg8 47. Be2 Bf7 48. Kc3 Bg8 49. Nc2 Bf7 50. a3 a5 51. Kb2 Bg8 52. Be1 Bc7 53. Ne3 Bb6 54. Nd1 c4 55. b4 1/2-1/2

[Event "IBCA-ol blind 14th"]
[Site "Chennai"]
[Date "2012.08.11"]
[Round "2.2"]
[White "Pirosca, Alexandru"]
[Black "Stachanczyk, Jacek"]
[Result "0-1"]
[WhiteElo "2015"]
[BlackElo "2256"]
[PlyCount "100"]
[EventDate "2012.08.10"]
[EventType "team-swiss"]
[EventRounds "9"]
[EventCountry "IND"]
[SourceTitle "CBM 149 Extra"]
[Source "ChessBase"]
[SourceDate "2012.08.24"]
[SourceVersion "1"]
[SourceVersionDate "2012.08.24"]
[SourceQuality "1"]
[WhiteTeam "Romania"]
[BlackTeam "Poland"]
[WhiteTeamCountry "ROU"]
[BlackTeamCountry "POL"]

1. e4 c5 2. Nf3 Nc6 3. d4 cxd4 4. Nxd4 Nf6 5. Nc3 d6 6. Be3 e5 7. Nf3 h6 8. Bc4 Be6 9. Bb3 Be7 10. h3 b5 11. Bd5 Rc8 12. 0-0 b4 13. Bxc6+ Rxc6 14. Nd5 Bxd5 15. exd5 Ra6 16. a3 bxa3 17. c4 Qc7 18. Qe2 0-0 19. bxa3 Ra4 20. Rfc1 Rc8 21. Nd2 Nh7 22. Qd3 Bg5 23. Bxg5 Nxg5 24. Rab1 Nh7 25. Rb3 Nf6 26. Rcb1 Qa5 27. Qf5 Re8 28. Ne4 Nxe4 29. Qxe4 g6 30. Qh4 Kg7 31. Rf3 Qc7 32. Qf6+ Kg8 33. Rb4 Ra6 34. a4 Qe7 35. Qxe7 Rxe7 36. g4 Kg7 37. Kf1 Rc7 38. Ke2 Ra5 39. Rfb3 Rac5 40. Kd3 a5 41. Rb5 Rxc4 42. Rxa5 Rd4+ 43. Ke3 f5 44. gxf5 gxf5 45. Rd3 Rcc4 46. Ra3 Kf6 47. Kf3 h5 48. Kg3 h4+ 49. Kf3 Rc2 50. Ra8 Rf4+ 0-1

[Event "IBCA EU-ch blind 05th"]
[Site "Rhodes"]
[Date "2011.09.13"]
[Round "7"]
[White "Hilton, Stephen H"]
[Black "Pirosca, Alexandru"]
[Result "1/2-1/2"]
[WhiteElo "1923"]
[BlackElo "2063"]
[PlyCount "29"]
[EventDate "2011.09.06"]
[EventType "swiss"]
[EventRounds "9"]
[EventCountry "GRE"]
[SourceTitle "CBM 144 Extra"]
[Source "ChessBase"]
[SourceDate "2011.10.28"]
[SourceVersion "1"]
[SourceVersionDate "2011.10.28"]
[SourceQuality "1"]

1. d4 Nf6 2. c4 g6 3. Nc3 d5 4. Nf3 Bg7 5. cxd5 Nxd5 6. Qb3 Nxc3 7. bxc3 c5 8. e3 0-0 9. Be2 Nd7 10. 0-0 b6 11. Ba3 Qc7 12. Rac1 Bb7 13. Rfd1 Rad8 14. d5 Nf6 15. c4 1/2-1/2

[Event "IBCA EU-ch blind 05th"]
[Site "Rhodes"]
[Date "2011.09.10"]
[Round "5"]
[White "Suder, Ryszard"]
[Black "Pirosca, Alexandru"]
[Result "1-0"]
[WhiteElo "2229"]
[BlackElo "2063"]
[PlyCount "31"]
[EventDate "2011.09.06"]
[EventType "swiss"]
[EventRounds "9"]
[EventCountry "GRE"]
[SourceTitle "CBM 144 Extra"]
[Source "ChessBase"]
[SourceDate "2011.10.28"]
[SourceVersion "1"]
[SourceVersionDate "2011.10.28"]
[SourceQuality "1"]

1. Nf3 Nf6 2. c4 g6 3. Nc3 d5 4. cxd5 Nxd5 5. Qa4+ Bd7 6. Qh4 Nb6 7. d4 Bg7 8. Bh6 0-0 9. Ng5 f5 10. Bxg7 Kxg7 11. Qxh7+ Kf6 12. e4 e5 13. dxe5+ Kxg5 14. g3 fxe4 15. h4+ Kf5 16. Qg7 1-0

[Event "IBCA World Cup 6th"]
[Site "Calimanesti"]
[Date "2010.04.23"]
[Round "2.1"]
[White "Coset, Alexandr"]
[Black "Pirosca, Alexandru"]
[Result "1/2-1/2"]
[WhiteElo "2281"]
[BlackElo "2075"]
[PlyCount "49"]
[EventDate "2010.04.21"]
[EventType "team-tourn"]
[EventRounds "7"]
[EventCountry "ROU"]
[SourceTitle "EXT 2011"]
[Source "ChessBase"]
[SourceDate "2010.11.26"]
[SourceVersion "1"]
[SourceVersionDate "2010.11.26"]
[SourceQuality "1"]
[WhiteTeam "Moldova (blind)"]
[BlackTeam "Romania (blind)"]
[WhiteTeamCountry "MDA"]
[BlackTeamCountry "ROU"]

1. e4 c5 2. Nf3 Nc6 3. Bb5 g6 4. Bxc6 dxc6 5. h3 Bg7 6. d3 Nf6 7. Nc3 0-0 8. Be3 b6 9. Qd2 e5 10. Bh6 Qd6 11. 0-0-0 a5 12. Nh2 Re8 13. Ng4 Bxg4 14. hxg4 Nxg4 15. Bxg7 Kxg7 16. f3 Nf6 17. Qh6+ Kg8 18. g4 Qf8 19. Qg5 Qg7 20. Ne2 a4 21. Ng3 a3 22. b3 Nd7 23. Qe3 Nf8 24. Rh2 Rad8 25. Ne2 1/2-1/2

[Event "SLO-ch blind int 8th"]
[Site "Izola"]
[Date "2009.06.17"]
[Round "3"]
[White "Grigorchuk, Sergey"]
[Black "Pirosca, Alexandru"]
[Result "1-0"]
[WhiteElo "2255"]
[BlackElo "2096"]
[PlyCount "61"]
[EventDate "2009.06.15"]
[EventType "swiss"]
[EventRounds "7"]
[EventCountry "SLO"]
[SourceTitle "EXT 2011"]
[Source "ChessBase"]
[SourceDate "2010.11.26"]
[SourceVersion "1"]
[SourceVersionDate "2010.11.26"]
[SourceQuality "1"]

1. d4 Nf6 2. c4 g6 3. Nc3 d5 4. cxd5 Nxd5 5. e4 Nxc3 6. bxc3 Bg7 7. Nf3 c5 8. Be3 Nc6 9. Rc1 Qa5 10. Qd2 cxd4 11. cxd4 Qxd2+ 12. Kxd2 0-0 13. d5 Rd8 14. Ke1 Ne5 15. Nxe5 Bxe5 16. f4 Bd6 17. Kf2 e5 18. Bc5 Bxc5+ 19. Rxc5 exf4 20. Kf3 g5 21. h4 g4+ 22. Kxf4 Bd7 23. Be2 Rac8 24. Rhc1 Rxc5 25. Rxc5 h5 26. Rc7 b5 27. Rxa7 Be8 28. Rb7 Ra8 29. Bxb5 Bxb5 30. Rxb5 Rxa2 31. d6 1-0

[Event "SLO-ch blind int 8th"]
[Site "Izola"]
[Date "2009.06.15"]
[Round "1"]
[White "Pirosca, Alexandru"]
[Black "Popovic, Dragi"]
[Result "1/2-1/2"]
[WhiteElo "2096"]
[BlackElo "1718"]
[PlyCount "77"]
[EventDate "2009.06.15"]
[EventType "swiss"]
[EventRounds "7"]
[EventCountry "SLO"]
[SourceTitle "EXT 2011"]
[Source "ChessBase"]
[SourceDate "2010.11.26"]
[SourceVersion "1"]
[SourceVersionDate "2010.11.26"]
[SourceQuality "1"]

1. e4 e5 2. Nf3 d6 3. d4 exd4 4. Qxd4 Nc6 5. Bb5 Bd7 6. Bxc6 Bxc6 7. Nc3 Nf6 8. Bg5 Be7 9. 0-0-0 h6 10. Bh4 0-0 11. Rhe1 Nd7 12. Bxe7 Qxe7 13. Nd5 Qd8 14. Re3 Re8 15. Rde1 Ne5 16. Nd2 Bxd5 17. exd5 Qd7 18. h3 b6 19. f4 Ng6 20. Nf3 Rxe3 21. Qxe3 Kf8 22. Nd4 Re8 23. Qxe8+ Qxe8 24. Rxe8+ Kxe8 25. g3 a6 26. Kd2 Ne7 27. c4 g6 28. Ke3 Kd7 29. f5 g5 30. h4 Ng8 31. hxg5 hxg5 32. Nf3 f6 33. Nd4 Ne7 34. b4 c6 35. dxc6+ Nxc6 36. Nxc6 Kxc6 37. Kd4 b5 38. a3 g4 39. cxb5+ 1/2-1/2

[Event "IBCA-ol blind 13th"]
[Site "Heraklion"]
[Date "2008.10.26"]
[Round "7.2"]
[White "Alimkhanov, Abdurashid"]
[Black "Pirosca, Alexandru"]
[Result "1/2-1/2"]
[WhiteElo "1400"]
[BlackElo "2088"]
[PlyCount "94"]
[EventDate "2008.10.19"]
[EventType "team-swiss"]
[EventRounds "9"]
[EventCountry "GRE"]
[SourceTitle "EXT 2010"]
[Source "ChessBase"]
[SourceDate "2010.11.25"]
[SourceVersion "1"]
[SourceVersionDate "2010.11.25"]
[SourceQuality "1"]
[WhiteTeam "Kazakhstan (blind)"]
[BlackTeam "Romania (blind)"]
[WhiteTeamCountry "KAZ"]
[BlackTeamCountry "ROU"]

1. Nf3 Nf6 2. g3 g6 3. Bg2 Bg7 4. 0-0 0-0 5. c4 d5 6. cxd5 Nxd5 7. Nc3 Nb6 8. d4 Nc6 9. d5 Na5 10. e4 c6 11. Nd4 cxd5 12. exd5 Nac4 13. b3 Nd6 14. Bb2 Rb8 15. Qd2 Nf5 16. Nxf5 Bxf5 17. Rad1 Nc8 18. Nb5 Bxb2 19. Qxb2 Nd6 20. Nd4 Bd7 21. Rfe1 Re8 22. Rd2 Rc8 23. Rde2 Rc7 24. h4 h5 25. Qd2 Kg7 26. Re5 Bf5 27. Nxf5+ Nxf5 28. Rxf5 gxf5 29. Qg5+ Kf8 30. Qxf5 Qd6 31. Qxh5 Qf6 32. Qd1 Rd8 33. h5 Rd6 34. Qd2 Qh6 35. Qe2 Qg5 36. Rd1 Rh6 37. g4 Qf4 38. Bh3 f5 39. Rd3 fxg4 40. Bxg4 Rc1+ 41. Kg2 Qg5 42. Qf3+ Rf6 43. Qg3 Rc2 44. Bf3 Qxg3+ 45. Kxg3 Rxa2 46. Be4 Kg7 47. f3 Re2 1/2-1/2

[Event "IBCA EU-ch blind 04th"]
[Site "Durham"]
[Date "2007.08.19"]
[Round "6.13"]
[White "Pirosca, Alexandru"]
[Black "Sakic, Milutin"]
[Result "1/2-1/2"]
[WhiteElo "2088"]
[BlackElo "2163"]
[PlyCount "51"]
[EventDate "2007.08.14"]
[EventType "swiss"]
[EventRounds "9"]
[EventCountry "ENG"]
[SourceTitle "EXT 2008"]
[Source "ChessBase"]
[SourceDate "2007.11.25"]
[SourceVersion "1"]
[SourceVersionDate "2007.11.25"]
[SourceQuality "1"]

1. e4 e5 2. Nf3 Nc6 3. Bb5 a6 4. Ba4 Nf6 5. d4 exd4 6. 0-0 Be7 7. Re1 b5 8. e5 Nxe5 9. Rxe5 d6 10. Re1 bxa4 11. Nxd4 Bd7 12. Qf3 0-0 13. Nc6 Bxc6 14. Qxc6 Nd7 15. Qxa4 Nc5 16. Qa3 Bf6 17. Nc3 Re8 18. Bd2 Ne6 19. Ne4 Be5 20. Bc3 Nd4 21. Bxd4 Bxd4 22. Rad1 Bb6 23. Qf3 Re6 24. Re2 Rb8 25. Rde1 h6 26. Ng3 1/2-1/2